| 000 | 00718nam a2200205Ii 4500 | ||
|---|---|---|---|
| 003 | JO-AjNU | ||
| 008 | 230605s9999||||xx |||||||||||||| ||und|| | ||
| 017 | _a2008 | ||
| 040 |
_aJO-AjNU _bara _erda _cJO-AjNU |
||
| 041 | _aara | ||
| 050 | 1 | 4 | _aHD30.22.T326.2008 |
| 100 | 3 |
_aالطائي،منى محمد علي, _eauthor _929060 |
|
| 245 | 0 | 0 | _aالاقتصاد الاداري:اقتصاديات الادارة الاستراتيجية=Managerial Economics |
| 264 | 3 | 1 | _aعمان:دار زهران للنشر والتوزيع،2008 |
| 300 | _a311ص | ||
| 336 |
_atext _btxt _2rdacontent |
||
| 337 |
_aunmediated _bn _2rdamedia |
||
| 338 |
_avolume _bnc _2rdacarrier |
||
| 650 | 4 |
_aالاقتصاد-ادارة _929061 |
|
| 999 |
_aA11349 _c14917 _d14917 |
||